Statistics for Taoyuan International Airport Destinations (Taipei, Taiwan)

Click here to take the quiz!

General Stats

  • This quiz has been taken 30 times
  • The average score is 72 of 90

Answer Stats

AirlineDestination% Correct
Air New ZealandAuckland
100%
Thai AirAsia/Thai Lion Air/Thai Summer Airways/Tigerair TaiwanBangkok (Don Mueang)
100%
China Airlines/EVA Air/Starlux Airlines/Thai Airways International/Thai VietJet AirBangkok (Suvarnabhumi)
100%
Air China/China Airlines/EVA Air/Hainan AirlinesBeijing (Capital)
100%
Air Busan/Jeju Air/Korean Air/Tigerair TaiwanBusan
100%
Cebu Pacific/China Airlines/EVA Air/Philippines AirAsia/Starlux AirlinesCebu
100%
EmiratesDubai (International)
100%
Bamboo Airways/China Airlines/EVA Air/Starlux Airlines/VietJet Air/Vietnam AirlinesHanoi
100%
China Airlines/EVA Air/Starlux Airlines/VietJet Air/Vietnam AirlinesHo Chi Minh City
100%
Cathay Pacific/China Airlines/EVA Air/Greater Bay Airlines/HK Express/Hong Kong AirlinesHong Kong
100%
China Airlines/EVA AirLondon (Heathrow)
100%
China Airlines/EVA Air/Starlux AirlinesLos Angeles
100%
Air Macau/EVA Air/Starlux Airlines/Tigerair TaiwanMacau
100%
Cebu Pacific/China Airlines/EVA Air/Philippine Airlines/Philippines AirAsia/Starlux AirlinesManila
100%
China AirlinesMelbourne
100%
Batik Air Malaysia/Cathay Pacific/China Airlines/EVA Air/Japan Airlines/Jestar Japan/Peach/Starlux Airlines/Tigerair TaiwanOsaka (Kansai)
100%
EVA AirParis (Charles de Gaulle)
100%
China Airlines/EVA Air/United AirlinesSan Francisco
100%
EVA AirSeattle/Tacoma
100%
Asiana Airlines/EVA Air/Jeju Air/Jin Air/Korean Air/Scoot/Tigerair TaiwanSeoul (Incheon)
100%
China AirlinesSeoul (Incheon)
100%
Taoyuan International Airport/China Eastern Airlines/China Southern Airlines/EVA Air/Juneyao Air/Spring AirlinesShanghai (Pudong)
100%
China Airlines/EVA Air/Scoot/Singapore Airlines/Starlux AirlinesSingapore
100%
China AirlinesSydney
100%
Peach/Tigerair TaiwanTokyo (Haneda)
100%
Cathay Pacific/China Airlines/EVA Air/Japan Airlines/Jetstar Japan/Peach/Scoot/Starlux Airlines/Tigerair TaiwanTokyo (Narita)
100%
China Airlines/Myanmar Airways InternationalYangon
100%
China Airlines/EVA Air/KLMAmsterdam
95%
Air China/China Airlines/EVA AirChengdu (Tianfu)
95%
Air China/EVA AirChongqing
95%
China AirlinesFrankfurt
95%
China Airlines/EVA Air/Starlux Airlines/Tigerair TaiwanFukuoka
95%
China Airlines/China Southern Airlines/EVA Air/Hainan AirlinesGuangzhou
95%
Turkish AirlinesIstanbul
95%
China Airlines/EVA AirJakarta (Soekarno-Hatta)
95%
Jeju Air/Tigerair Taiwan/T'way AirJeju
95%
AirAsia X/Batik Air Malaysia/China Airlines/EVA Air/Malaysia Airlines/Starlux AirlinesKuala Lumpur (International)
95%
Batik Air Malaysia/China Airlines/EVA Air/Peach/Starlux Airlines/Tigerair TaiwanNaha
95%
China Airlines/EVA AirNew York (JFK)
95%
China Airlines/EVA Air/Scoot/Starlux Airlines/Tigerair TaiwanSapporo (Chitose)
95%
Mandarin Airlines/XiamenAirXiamen
95%
Royal Brunei AirlinesBandar Seri Begawan
91%
China Airlines/EVA AirBrisbane
91%
EVA AirChicago (O'Hare)
91%
Jeju Air/Jin Air/Tigerair Taiwan/T'way AirDaegu
91%
China Airlines/EVA Air/Starlux Airlines/Tigerair Taiwan/Vietnam AirlinesDa Nang
91%
EVA AirHouston (Intercontinental)
91%
EVA AirMunich
91%
Batik Air Malaysia/China Airlines/Japan Airlines/Peach/Tigerair TaiwanNagoya (Centrair)
91%
China AirlinesRome (Fiumicino)
91%
China Airlines/China Southern Airlines/Shenzhen Airlines/Uni AirShenzhen
91%
EVA AirTianjin
91%
China Airlines/EVA AirVancouver
91%
China Airlines/EVA AirDenpasar
86%
Taoyuan International Airport/EVA Air/XiamenAirHangzhou
86%
China AirlinesHiroshima
86%
EVA AirMilan (Malpensa)
86%
China Eastern AirlinesNanjing
86%
EVA Air/Tigerair TaiwanPhuket
86%
EVA AirToronto (Pearson)
86%
China Airlines/EVA Air/Thai AirAsiaChiang Mai
82%
China Airlines/EVA AirPhnom Penh
82%
China Airlines/Starlux AirlinesPenang
77%
China Airlines/EVA AirVienna
77%
Myanmar Airways InternationalMandalay
73%
EVA Air/Starlux Airlines/Tigerair TaiwanSendai
73%
China AirlinesPrague
68%
Cebu Pacific/EVA AirClark
64%
China AirlinesKagoshima
59%
AirAsia/Malaysia AirlinesKota Kinabalu
59%
China AirlinesOntario (CA)
59%
China AirlinesPhoenix (Sky Harbor)
55%
VietJet Air/Vietnam AirlinesCan Tho
50%
StarFlyerKitakyushu
50%
Tigerair TaiwanOkayama
50%
Tigerair TaiwanHakodate
41%
Tigerair TaiwanNiigata
41%
Tigerair TaiwanAsahikawa
36%
Jeju Air/Jin AirCheongju
36%
Tigerair TaiwanIbaraki
36%
Philippines AirAsia/Tigerair TaiwanKalibo
36%
China AirlinesKoror
36%
Jeju AirMuan
36%
Tigerair TaiwanPuerto Princesa
36%
China AirlinesTakamatsu
36%
Royal Air PhilippinesCaticlan
32%
Tigerair TaiwanHanamaki
32%
EVA Air/Tigerair TaiwanKomatsu
32%
Tigerair TaiwanSaga
32%
Fly GangwonYangyang
32%

Score Distribution

Percentile by Number Answered

Percent of People with Each Score

Your Score History

You have not taken this quiz